[Event "Ch Spain (team) (Honor Gr.1)"]
[Site "Lugo (Spain)"]
[Date "2007.06.23"]
[Round "4"]
[White "Socko Bartosz (POL)"]
[Black "Adams Michael (ENG)"]
[Result "1/2-1/2"]
[WhiteElo "2641"]
[BlackElo "2734"]
[PlyCount "46"]
[EventDate "2007.??.??"]
[Source "www.chesslib.no"]
[SourceDate "2004.05.04"]

1. e4 e5 2. Nf3 Nc6 3. Bb5 a6 4. Ba4 Nf6 5. O-O Be7 6. Re1 b5 7. Bb3 O-O 8. d4 d6 9. c3 Bg4 10. Be3 exd4 11. cxd4 Na5 12. Bc2 c5 13. h3 Bh5 14. g4 Bg6 15. Nbd2 Nd7 16. d5 Bf6 17. Rb1 Re8 18. Nh2 Nc4 19. Nxc4 bxc4 20. Bc1 Bd4 21. Nf3 Ne5 22. Nxe5 Rxe5 23. Bf4 Qf6 1/2-1/2

[Event "Bermuda 86/(359)"]
[Site "?"]
[Date "2003.??.??"]
[Round "?"]
[White "Movsesian, S."]
[Black "Svidler, P."]
[Result "1/2-1/2"]
[WhiteElo "2663"]
[BlackElo "2693"]
[PlyCount "50"]
[EventDate "2003.??.??"]
[Source "Chess Informant"]
[SourceDate "2002.10.01"]

1. e4 e5 2. Nf3 Nc6 3. Bb5 a6 4. Ba4 Nf6 5. O-O Be7 6. Re1 b5 7. Bb3 O-O 8. c3 d6 9. d4 Bg4 10. d5 Na5 11. Bc2 c6 12. h3 Bc8 13. dxc6 Qc7 14. Nbd2 Qxc6 15. Nf1 Nc4 16. Ng3 Re8 17. Qe2 h6 18. Bd3 Be6 19. Nh2 d5 20. Ng4 Nxg4 21. hxg4 Nd6 22. Bd2 dxe4 23. Nxe4 Bd5 24. Nxd6 Bxd6 25. Be4 Rad8 1/2-1/2

[Event "Tch (Men) 2005/2006 FRA"]
[Site "?"]
[Date "2006.04.01"]
[Round "6"]
[White "Nisipeanu Liviu Dieter"]
[Black "Navara David"]
[Result "1/2-1/2"]
[WhiteElo "2693"]
[BlackElo "2660"]
[PlyCount "53"]
[EventDate "2006.??.??"]
[Source "www.chesslib.no"]
[SourceDate "2004.05.04"]

1. e4 e5 2. Nf3 Nc6 3. Bb5 a6 4. Ba4 Nf6 5. O-O Be7 6. Re1 b5 7. Bb3 O-O 8. d4 d6 9. c3 Bg4 10. Be3 exd4 11. cxd4 Na5 12. Bc2 Nc4 13. Bc1 c5 14. b3 Nb6 15. Nbd2 Nfd7 16. h3 Bh5 17. Bb2 Rc8 18. a4 bxa4 19. bxa4 cxd4 20. Bxd4 Bf6 21. Bxf6 Qxf6 22. a5 Nc4 23. Nxc4 Rxc4 24. Bd3 Rc3 25. Be2 Nc5 26. Qd4 Rxf3 27. Qxf6 1/2-1/2

[Event "Nationale I"]
[Site "Clermont Ferrand"]
[Date "2003.05.10"]
[Round "11.1"]
[White "Grischuk, Alexander"]
[Black "Tkachiev, Vladislav"]
[Result "1-0"]
[WhiteElo "2701"]
[BlackElo "2643"]
[PlyCount "117"]
[EventDate "2003.05.07"]
[Source "Roberto Alvarez"]
[SourceDate "2003.05.12"]

1. e4 e5 2. Nf3 Nc6 3. Bb5 a6 4. Ba4 Nf6 5. O-O Be7 6. Re1 b5 7. Bb3 O-O 8. d4 d6 9. c3 Bg4 10. Be3 exd4 11. cxd4 Na5 12. Bc2 c5 13. h3 Bxf3 14. Qxf3 cxd4 15. Bxd4 Rc8 16. Bb3 Nc6 17. Qd1 a5 18. Nc3 a4 19. Bd5 Nxd4 20. Qxd4 Qa5 21. a3 Nd7 22. Qb4 Qxb4 23. axb4 Nb6 24. Nxb5 Rc2 25. b3 Bf6 26. Rab1 Nxd5 27. exd5 axb3 28. Rxb3 Be5 29. Na3 Rd2 30. Nc4 Rxd5 31. b5 Rb8 32. b6 Rc5 33. Nxe5 dxe5 34. Ra1 Kf8 35. Ra7 Rc6 36. Rf3 f6 37. Rd3 Rcxb6 38. Rdd7 g5 39. Rxh7 Kg8 40. Rhg7+ Kf8 41. Raf7+ Ke8 42. Re7+ Kf8 43. Ref7+ Ke8 44. Rh7 Re6 45. Kh2 e4 46. Kg3 e3 47. Ra7 Kd8 48. fxe3 Rxe3+ 49. Kg4 Re5 50. Kh5 g4+ 51. Kxg4 Rb4+ 52. Kg3 Rb3+ 53. Kh2 Rb8 54. h4 Re4 55. h5 f5 56. Rh8+ Re8 57. Rxe8+ Kxe8 58. h6 Rb6 59. h7 1-0

[Event "Pune"]
[Site "?"]
[Date "2004.??.??"]
[Round "?"]
[White "Nisipeanu, L._D."]
[Black "Kasimdzhanov, R."]
[Result "1/2-1/2"]
[WhiteElo "2685"]
[BlackElo "2640"]
[PlyCount "132"]
[EventDate "2004.??.??"]
[Source "Chess Informant"]
[SourceDate "2004.06.01"]

1. e4 e5 2. Nf3 Nc6 3. Bb5 a6 4. Ba4 Nf6 5. O-O Be7 6. Re1 b5 7. Bb3 O-O 8. d4 d6 9. c3 Bg4 10. Be3 Bh5 11. Nbd2 d5 12. exd5 Nxd5 13. dxe5 Nxe5 14. Bd4 Nc6 15. Ne4 Nxd4 16. Qxd4 Nf6 17. Qxd8 Raxd8 18. Ng3 Bd6 19. Nxh5 Nxh5 20. Rad1 Nf6 21. Nd4 Bc5 22. Nc6 Rxd1 23. Bxd1 Re8 24. Rxe8+ Nxe8 25. b4 Bd6 26. Kf1 Nf6 27. Bf3 Nd7 28. Ke2 Kf8 29. Kd3 Ne5+ 30. Nxe5 Bxe5 31. Bb7 Ke7 32. Bxa6 c6 33. g3 Bc7 34. c4 bxc4+ 35. Bxc4 Bb6 36. Ke2 Bd4 37. a4 Bc3 38. b5 cxb5 39. Bxb5 Kd6 40. Kd3 Ba5 41. Ke4 Bb6 42. f3 Bg1 43. h3 Bf2 44. g4 Be1 45. Kf5 f6 46. Bc4 Ke7 47. Bg8 h6 48. Kg6 Kf8 49. Bh7 Bd2 50. Kf5 Ke7 51. Ke4 Kd6 52. Kd4 Ba5 53. Kc4 Bb6 54. Kb5 Be3 55. a5 Bf2 56. Bg6 Bg1 57. h4 Bf2 58. h5 Bg1 59. Kc4 Ke5 60. Bf5 Bf2 61. a6 Bg1 62. f4+ Kd6 63. Kd3 Kc7 64. Be6 Kb6 65. Bc4 Bc5 66. Ke4 Ba3 1/2-1/2

[Event "It (cat.14)"]
[Site "Wijk aan Zee (Netherlands)"]
[Date "2007.01.19"]
[Round "6"]
[White "Nijboer Friso (NED)"]
[Black "Sargissian Gabriel (ARM)"]
[Result "1/2-1/2"]
[WhiteElo "2638"]
[BlackElo "2658"]
[PlyCount "118"]
[EventDate "2007.??.??"]
[Source "www.chesslib.no"]
[SourceDate "2004.05.04"]

1. e4 e5 2. Nf3 Nc6 3. Bb5 a6 4. Ba4 Nf6 5. O-O Be7 6. Re1 b5 7. Bb3 O-O 8. d4 d6 9. c3 Bg4 10. d5 Na5 11. Bc2 c6 12. h3 Bc8 13. dxc6 Qc7 14. Nbd2 Qxc6 15. Nf1 Nc4 16. Ng3 Re8 17. a4 Be6 18. Ng5 Bd7 19. Qe2 h6 20. Nf3 Bf8 21. Nh2 Rac8 22. Ng4 Nxg4 23. hxg4 Be6 24. axb5 axb5 25. b3 Nb6 26. Bd3 Qxc3 27. Bd2 Qc7 28. Bxb5 Red8 29. Ba5 d5 30. exd5 Rxd5 31. Ne4 Be7 32. Ba6 Rb8 33. b4 Rd4 34. Rac1 Qa7 35. Nc5 Bxc5 36. Rxc5 Nd7 37. Rc7 Qa8 38. Rec1 Bxg4 39. f3 Be6 40. Bc8 Nf8 41. Ba6 e4 42. b5 Ng6 43. Bc3 Ra4 44. Qd1 Ra3 45. Qd4 Rxc3 46. R7xc3 exf3 47. Rxf3 Rd8 48. Qe3 Qb8 49. Re1 Rd5 50. Rg3 Ne5 51. b6 Nd7 52. Rb1 Bf5 53. Qc3 g6 54. Bc4 Rc5 55. Rb3 Qf4 56. Rb4 Nxb6 57. Bxf7+ Kxf7 58. Qxc5 Qxg3 59. Rxb6 Qe1+ 1/2-1/2

[Event "Bermuda"]
[Site "Bermuda"]
[Date "2004.??.??"]
[Round "?"]
[White "Movsesian, S."]
[Black "Vescovi, G."]
[Result "1/2-1/2"]
[WhiteElo "2639"]
[BlackElo "2633"]
[PlyCount "87"]
[EventDate "2004.01.15"]
[Source "Chess Informant"]
[SourceDate "2003.10.01"]

1. e4 e5 2. Nf3 Nc6 3. Bb5 a6 4. Ba4 Nf6 5. O-O Be7 6. Re1 b5 7. Bb3 d6 8. c3 O-O 9. d4 Bg4 10. Be3 Bh5 11. h3 Bg6 12. Nbd2 exd4 13. Nxd4 Na5 14. Bc2 c5 15. Nf5 Bxf5 16. exf5 d5 17. Qf3 h6 18. g4 Re8 19. Rad1 Qc7 20. h4 d4 21. Bf4 Bd6 22. Bxd6 Qxd6 23. g5 Rxe1+ 24. Rxe1 Re8 25. Rxe8+ Nxe8 26. Qe4 Kf8 27. cxd4 Nc6 28. d5 Nb4 29. f6 gxf6 30. gxh6 f5 31. h7 Qg6+ 32. Kf1 Qxh7 33. Qe3 Qxh4 34. Qxc5+ Qe7 35. Qc3 Nf6 36. Bb3 Qd6 37. Qc8+ Kg7 38. Qxf5 Nbxd5 39. Ne4 Nxe4 40. Bxd5 Nf6 41. Qg5+ Kf8 42. Qh6+ Ke7 43. Qe3+ Kf8 44. Qh6+ 1/2-1/2

[Event "TCh-BIH"]
[Site "Jahorina"]
[Date "2003.06.22"]
[Round "3"]
[White "Kovacevic, Aleksandar"]
[Black "Shirov, Alexei"]
[Result "0-1"]
[WhiteElo "2536"]
[BlackElo "2735"]
[PlyCount "122"]
[EventDate "2003.06.21"]
[Source "Roberto Alvarez"]
[SourceDate "2003.07.07"]

1. e4 e5 2. Nf3 Nc6 3. Bb5 a6 4. Ba4 Nf6 5. O-O Be7 6. Re1 b5 7. Bb3 d6 8. c3 O-O 9. d4 Bg4 10. Be3 exd4 11. cxd4 Na5 12. Bc2 Nc4 13. Bc1 c5 14. b3 Nb6 15. dxc5 dxc5 16. Nbd2 Qc7 17. h3 Bh5 18. Bb2 Rad8 19. Qb1 Bg6 20. e5 Nfd5 21. e6 Bxc2 22. exf7+ Rxf7 23. Qxc2 Nb4 24. Qe4 Nd3 25. Be5 Nxe5 26. Nxe5 Rxd2 27. Nxf7 Kxf7 28. Qe6+ Kf8 29. Qf5+ Bf6 30. Re6 Rd6 31. Rae1 Rxe6 32. Rxe6 h6 33. Qh5 Be7 34. Qg6 Nd5 35. Rxa6 Qc8 36. Ra5 b4 37. Qe4 Nf6 38. Qf3 Qe6 39. a4 Qe1+ 40. Kh2 Qc3 41. Qd1 c4 42. bxc4 Qxc4 43. Rb5 Kg8 44. Rb7 Qe4 45. Rb5 Qf4+ 46. Kg1 Ne4 47. Qf3 Qc1+ 48. Kh2 Bd6+ 49. g3 Qc2 50. Kg1 Qxa4 51. Qd3 Qa1+ 52. Kg2 Qa8 53. Qf3 Qe8 54. Rd5 Qe6 55. Rd4 Ng5 56. Qh5 Bc5 57. Rf4 Qd5+ 58. Kh2 Bd6 59. Qe8+ Kh7 60. Qd7 Nf3+ 61. Rxf3 Bxg3+ 0-1

[Event "It (Men) Santos BRA"]
[Site "?"]
[Date "2005.10.01"]
[Round "6"]
[White "Felgaer Ruben"]
[Black "Vescovi Giovanni P"]
[Result "1/2-1/2"]
[WhiteElo "2618"]
[BlackElo "2640"]
[PlyCount "39"]
[EventDate "2005.??.??"]
[Source "www.chesslib.no"]
[SourceDate "2004.05.04"]

1. e4 e5 2. Nf3 Nc6 3. Bb5 a6 4. Ba4 Nf6 5. O-O Be7 6. Re1 b5 7. Bb3 d6 8. c3 O-O 9. d4 Bg4 10. Be3 exd4 11. cxd4 Na5 12. Bc2 Nc4 13. Bc1 c5 14. b3 Nb6 15. Bb2 Nfd7 16. Nbd2 Rc8 17. h3 Bh5 18. g4 Bg6 19. Nf1 Bf6 20. Rc1 1/2-1/2

[Event "Linares"]
[Site "?"]
[Date "1988.??.??"]
[Round "?"]
[White "Beliavsky, A."]
[Black "Ljubojevic, Lj"]
[Result "1/2-1/2"]
[WhiteElo "2645"]
[BlackElo "2610"]
[PlyCount "81"]
[EventDate "1988.??.??"]
[Source "ChessBase"]
[SourceDate "1988.01.01"]

1. e4 e5 2. Nf3 Nc6 3. Bb5 a6 4. Ba4 Nf6 5. O-O Be7 6. Re1 b5 7. Bb3 d6 8. c3 O-O 9. d4 Bg4 10. d5 Na5 11. Bc2 c6 12. h3 Bxf3 13. Qxf3 cxd5 14. exd5 Nc4 15. Nd2 Nb6 16. Nf1 g6 17. Bh6 Re8 18. Ne3 Kh8 19. Ng4 Nxg4 20. hxg4 Kg8 21. a4 Bg5 22. Bxg5 Qxg5 23. axb5 axb5 24. Bd3 b4 25. Bb5 Rxa1 26. Rxa1 Ra8 27. Rxa8+ Nxa8 28. cxb4 Nb6 29. Be8 Qe7 30. Bc6 e4 31. Qf4 Nc4 32. b5 g5 33. Qc1 e3 34. fxe3 Qe4 35. Bd7 h6 36. Bf5 Qxd5 37. b3 Ne5 38. b6 Qxb3 39. Qb1 Qxe3+ 40. Kh1 Nc6 41. Bh7+ 1/2-1/2

[Event "XXIV ECC"]
[Site "Kallithea GRE"]
[Date "2008.10.23"]
[Round "7"]
[White "Hracek, Z."]
[Black "Socko, B."]
[Result "1/2-1/2"]
[WhiteElo "2613"]
[BlackElo "2631"]
[PlyCount "40"]
[EventDate "2008.10.17"]
[Source "www.chesslib.no"]
[SourceDate "2004.05.04"]

1. e4 e5 2. Nf3 Nc6 3. Bb5 a6 4. Ba4 Nf6 5. O-O Be7 6. Re1 b5 7. Bb3 O-O 8. d4 d6 9. c3 Bg4 10. Be3 exd4 11. cxd4 Na5 12. Bc2 c5 13. dxc5 dxc5 14. Nc3 Nc6 15. e5 Qxd1 16. Raxd1 Bxf3 17. exf6 Bxd1 18. fxe7 Bxc2 19. exf8=R+ Rxf8 20. Bxc5 Rc8 1/2-1/2

[Event "Monarch Assurance"]
[Site "Isle of Man"]
[Date "2007.09.25"]
[Round "4.1"]
[White "Bartel, Mateusz"]
[Black "Roiz, Michael"]
[Result "0-1"]
[WhiteElo "2609"]
[BlackElo "2630"]
[PlyCount "100"]
[EventDate "2007.09.22"]
[Source "www.chesslib.no"]
[SourceDate "2004.05.04"]

1. e4 e5 2. Nf3 Nc6 3. Bb5 a6 4. Ba4 Nf6 5. O-O Be7 6. Re1 b5 7. Bb3 d6 8. c3 O-O 9. d4 Bg4 10. a4 Qd7 11. d5 Na5 12. Bc2 c6 13. h3 Bxf3 14. Qxf3 cxd5 15. exd5 Nc4 16. Rd1 Rab8 17. b3 Nb6 18. a5 Na8 19. Na3 g6 20. Bg5 Nh5 21. Bh6 Ng7 22. Bb1 f5 23. Nc2 Bf6 24. Nb4 Nc7 25. Ba2 Rfe8 26. Rac1 Rb7 27. Nc6 Kh8 28. b4 Nh5 29. c4 bxc4 30. Bxc4 Nb5 31. Qe2 Qf7 32. Be3 g5 33. Bb6 Nf4 34. Qf3 Rg8 35. Bxb5 axb5 36. Kf1 Qg6 37. Qe3 g4 38. h4 g3 39. Qxg3 Qh6 40. Qxg8+ Kxg8 41. Be3 Qxh4 42. Bxf4 exf4 43. a6 Rb6 44. a7 Ra6 45. Kg1 f3 46. gxf3 Kf7 47. Kg2 Ra2 48. Rf1 Qg5+ 49. Kh2 Qf4+ 50. Kg2 Bh4 0-1

[Event "Gouda NLD-Top rap"]
[Site "Gouda"]
[Date "1997.??.??"]
[Round "?"]
[White "Nijboer, Friso"]
[Black "Piket, Jeroen"]
[Result "1/2-1/2"]
[WhiteElo "2605"]
[BlackElo "2630"]
[PlyCount "121"]
[EventDate "1997.??.??"]
[Source "www.chesslib.no"]
[SourceDate "2004.05.04"]

1. e4 e5 2. Nf3 Nc6 3. Bb5 a6 4. Ba4 Nf6 5. O-O Be7 6. Re1 b5 7. Bb3 d6 8. c3 O-O 9. d4 Bg4 10. a3 Bh5 11. Ba2 Qe8 12. d5 Nb8 13. Bg5 Nbd7 14. Nbd2 h6 15. Bxf6 Bxf6 16. c4 Bg5 17. Qc2 Bd8 18. b4 g6 19. cxb5 axb5 20. Bb1 Nf6 21. h3 Bxf3 22. Nxf3 Rb8 23. Rc1 Nh5 24. Qd1 f5 25. Ra2 Qf7 26. Re2 Ng7 27. Rc3 h5 28. Nd2 Bh4 29. Qc1 Rb7 30. Nf3 Bd8 31. Bd3 f4 32. h4 Qd7 33. Rec2 Qc8 34. Rc6 Qa8 35. R2c3 Qa7 36. Ng5 Bxg5 37. hxg5 Qb8 38. Rxc7 Rxc7 39. Rxc7 Qd8 40. Qc6 Qxg5 41. Qd7 Qh6 42. Bxb5 f3 43. Qxd6 fxg2 44. Qe7 h4 45. Qxg7+ Qxg7 46. Rxg7+ Kxg7 47. Kxg2 h3+ 48. Kxh3 Rxf2 49. Bc6 Rf3+ 50. Kg4 Rxa3 51. b5 Kf6 52. b6 Ra1 53. b7 Rg1+ 54. Kf3 Rb1 55. d6 Ke6 56. d7 Ke7 57. Kg4 Rb6 58. Kg5 Kd8 59. Kh6 Kc7 60. Kg5 Kd8 61. Kh6 1/2-1/2

[Event "Tch-NED, NED"]
[Site "?"]
[Date "2001.??.??"]
[Round "5"]
[White "Movsesian, S."]
[Black "Van der Sterren, P."]
[Result "1/2-1/2"]
[WhiteElo "2660"]
[BlackElo "2575"]
[PlyCount "89"]
[EventDate "2001.??.??"]
[Source "www.chesslib.no"]
[SourceDate "2004.05.04"]

1. e4 e5 2. Nf3 Nc6 3. Bb5 a6 4. Ba4 Nf6 5. O-O Be7 6. Re1 b5 7. Bb3 d6 8. c3 O-O 9. d4 Bg4 10. d5 Na5 11. Bc2 Qc8 12. h3 Bd7 13. Nbd2 c6 14. dxc6 Qxc6 15. Nf1 Rfe8 16. Ng3 Rac8 17. a4 Nc4 18. Qe2 h6 19. Nh4 d5 20. axb5 axb5 21. exd5 Qxd5 22. Nhf5 Bf8 23. Ne4 Qe6 24. b3 Nb6 25. Ra6 Ra8 26. Rxa8 Rxa8 27. Nxf6+ Qxf6 28. Qxe5 Qxe5 29. Rxe5 Ra1 30. Re1 Nd5 31. Bd2 Ra2 32. Nd4 Bc5 33. Rc1 b4 34. Ne2 bxc3 35. Nxc3 Nxc3 36. Bxc3 Bxf2+ 37. Kxf2 Bf5 38. Ke3 Rxc2 39. Rxc2 Bxc2 40. b4 Kf8 41. Kd4 Ke7 42. Kd5 g6 43. b5 Kd7 44. b6 h5 45. Be5 1/2-1/2

[Event "It (cat.14)"]
[Site "Wijk aan Zee (Netherlands)"]
[Date "2007.01.27"]
[Round "12"]
[White "Nijboer Friso (NED)"]
[Black "L'ami Erwin (NED)"]
[Result "1/2-1/2"]
[WhiteElo "2638"]
[BlackElo "2594"]
[PlyCount "107"]
[EventDate "2007.??.??"]
[Source "www.chesslib.no"]
[SourceDate "2004.05.04"]

1. e4 e5 2. Nf3 Nc6 3. Bb5 a6 4. Ba4 Nf6 5. O-O Be7 6. Re1 b5 7. Bb3 d6 8. c3 O-O 9. d4 Bg4 10. d5 Na5 11. Bc2 c6 12. h3 Bc8 13. dxc6 Qc7 14. Nbd2 Qxc6 15. Nf1 Be6 16. Ng5 Bd7 17. Ng3 Rfe8 18. a4 h6 19. Nf3 Nb7 20. axb5 axb5 21. Rxa8 Rxa8 22. Nh4 Ra1 23. Nhf5 Bf8 24. Qe2 Nc5 25. Bd2 Rxe1+ 26. Qxe1 Ne6 27. Bc1 b4 28. Ne3 bxc3 29. Qxc3 Qxc3 30. bxc3 Bc6 31. Nc4 Nc5 32. f3 g6 33. Nf1 h5 34. h4 Be7 35. Nfe3 Kf8 36. Ba3 Nfd7 37. g3 Ke8 38. Bb1 Bf8 39. Bb4 Ke7 40. Na5 Ba8 41. Kf2 Bh6 42. Ke2 Ne6 43. Nec4 Nec5 44. Na3 Nb8 45. Nb5 Nc6 46. Nc7 Nxa5 47. Nxa8 Nc4 48. Ba2 Ne3 49. Nb6 f5 50. Bb1 f4 51. gxf4 Bxf4 52. Nd5+ Nxd5 53. exd5 g5 54. hxg5 1/2-1/2